01363nam a22002897a 4500003000400000005001700004008004100021040002200062082001800084100002500102245003000127260006000157300002100217366000800238490003100246505007500277505028500352505005900637650005500696650004700751650004800798650004300846650004500889650005600934650004700990700003601037OSt20230622134016.0221006b |||||||| |||| 00| 0 eng d cBiblioteca Lado V a709.05bG851a aGriffin, Timeeditor aArtforum/bInternacional/ aNew Yorkc1993bNew York editorial and business offices c26.5x27cma144p. eeng aNOVIEMBREv1993x0864-1315 tCOLUMNSaBOOKS MUSIC SPECIAL EFFECTS REAL LIFE ROCK AMERICAN MYTHS tFEATURESaFROM SPACE TO PLACE MOBILE HOME THIN AIR: THE PHOTOGRAPHS OF ADAM FUSS EUROPE'S SUMMER SHOWS: A ROUGH GUIDE MECHANICAL DREAMS LA GIA-HONDA: ROBERT WILLIAMS' CAR-CRASHES ON CANVAS ANOTHER KIND OF LIGHT: THE ART OF STEPHEN MUELLER OPENINGS: PATRICK VAN CAECKENBERGH tREVIEWSaARRIVEDERCI VENICE: THE THIRD WORLD BIENNIALS 2Tesauro de Arte & ArquitecturaaARTE COMTEMPORANEO 2Tesauro de Arte & ArquitecturaaFOTOGRAFIA 2Tesauro de Arte & ArquitecturaaARTE VISUAL 2Tesauro de Arte & ArquitecturaaLIBROS 2Tesauro de Arte & ArquitecturaaNOTICIAS 2 Tesauro de Arte & ArquitecturaaARTE INTERNACIONAL 2 Tesauro de Arte & ArquitecturaaESCULTURA aNavarreta, Jose Antonioeeditor